2025 Nascar Cup Series tracks - Statistics

General Stats
  • This quiz has been taken 173 times
  • The average score is 22 of 28
Answer Stats
Race Name Answer % Correct
_____ 500/Coke Zero Sugar 400 Daytona
100%
Coke 600 Charlotte
92%
Bank of America _______ 400 Charlotte Roval
92%
Shriners Children's 500/Championship Race Phoenix
92%
Penzoil 400/South Point 400 Las Vegas
91%
Jack Links 500/YellaWood 500 Talladega
91%
Ambetter Health 400/Quaker State 400 Atlanta
89%
Food City 500/Bass Pro Shops Night Race Bristol
89%
Go Bowling at _______ Watkins Glen
87%
EchoPark Automotive Grand Prix Circuit of the Americas
86%
Cookout 400/Xfinity 500 Martinsville
85%
Grant Park 165 Chicago Street Course
83%
Iowa Corn 350 Iowa
83%
Goodyear 400/Southern 500 Darlington
82%
Advent Health 400/Hollywood Casino 400 Kansas
79%
Toyota / Save Mart 350 Sonoma
79%
Würth 400 Texas
77%
Firekeepers Casino 400 Michigan
75%
Cookout Clash at ______ Bowman Gray Stadium
73%
Autotrader EchoPark Automotive 400 Dover
73%
Straight Talk Wireless 400 Homestead-Miami
72%
_______ 400 Indianapolis
62%
no name Nashville Superspeedway
59%
All Star Race North Wilkesboro
56%
no name New Hampshire
55%
no name Pocono
55%
Enjoy Illinois 300 World Wide Technology Raceway
55%
no name Autodromo Hermanos Rodriguez
44%
No matching quizzes found
Score Distribution
Percent of People with Each Score
Percentile by Number Answered
Your Score History
You have not taken this quiz